Chick-fil-a Menu Items Quiz Stats

 Plays Quiz not verified by Sporcle

Challenge
Share
Tweet
Embed
Score 0/28 Timer 04:00
0 Plays Today
Time of Day Item % Correct
Lunch/DinnerOriginal Chicken Sandwich
79.3%
Lunch/DinnerChicken Nuggets
74.9%
BreakfastChicken Biscuit
56.3%
BreakfastChicken Minis
51.9%
Lunch/DinnerChicken Strips
50.5%
BreakfastHash Browns
32.9%
BreakfastBiscuit
29.8%
Lunch/DinnerCool Wrap
26.6%
BreakfastFruit Cup
25.4%
BreakfastBreakfast Burrito
24.2%
Lunch/DinnerChicken Salad Sandwich
24.1%
Lunch/DinnerChargrilled Chicken Sandwich
23.9%
Lunch/DinnerDeluxe Chicken Sandwich
20.5%
Lunch/DinnerIcedream
17.5%
Time of Day Item % Correct
Lunch/DinnerWaffle Potato Fries
17.3%
Breakfast/Lunch/DinnerYogurt Parfait
15.8%
Lunch/DinnerCole Slaw
14.1%
Lunch/DinnerHearty Breast of Chicken Soup
12.7%
Lunch/DinnerFudge Nut Brownie
10.7%
Lunch/DinnerCarrot and Raisin Salad
9.7%
Lunch/DinnerChargrilled Chicken Club Sandiwch
7.3%
Lunch/DinnerSouthwest Chargrilled Salad
6.8%
BreakfastCinnamon Cluster
6.8%
Lunch/DinnerNew York Style Cheesecake
6.3%
Lunch/DinnerLemon pie
5.1%
Lunch/DinnerChargrilled and Fruit Salad
4.9%
Lunch/DinnerChargrilled Chicken Garden Salad
4.4%
Lunch/DinnerChicken Strips Salad
2.9%

You're not logged in!

Compare scores with friends on all Sporcle quizzes.
OR
Log In

You Might Also Like...

Show Comments

Extras

Top Quizzes Today


Score Distribution

Your Account Isn't Verified!

In order to create a playlist on Sporcle, you need to verify the email address you used during registration. Go to your Sporcle Settings to finish the process.

Report this User

Report this user for behavior that violates our Community Guidelines.

Details: